000
00345nam a2200169Ia 4500
100
_a
Singh/D.K
650
_a
SOM
942
_c
BK
366
_f
20
654
_a
materials
245
_a
Strength Of Materials
260
_b
Ane Books India
_a
Mumbai
_c
2007
082
_a
620.112/SIN
_b
SIN
300
_a
516
546
_a
ENGLISH
999
_c
33254
_d
33254